MARC

LEADER 00000nam0a2200000 4500
001 256931
005 20231101233146.0
020 |a RU  |b 87-96631 
035 |a (RuTPU)RU\TPU\book\279687 
090 |a 256931 
100 |a 20140411d1987 k y0rusy5003 ca 
101 0 |a rus 
102 |a RU 
105 |a a z 001zy 
200 1 |a Исследования в области комплексного энерготехнологического использования топлива  |e межвузовский научный сборник  |f Саратовский политехнический институт (СПИ) ; отв. ред. В. Г. Каширский 
210 |a Саратов  |d 1987 
215 |a 103 с.  |c ил. 
320 |a Библиогр. в конце статей 
606 1 |a Топливо  |x Использование, промышленное  |2 stltpush  |3 (RuTPU)RU\TPU\subj\33467  |9 55699 
610 1 |a переработка 
610 1 |a горючие сланцы 
610 1 |a состав 
610 1 |a качество 
610 1 |a сера 
610 1 |a распределение 
610 1 |a битумоиды 
610 1 |a сапропели 
610 1 |a полукокс 
610 1 |a канско-ачинский уголь 
610 1 |a нагрев 
610 1 |a летучие вещества 
610 1 |a выделение 
610 1 |a сланцы 
610 1 |a пиролиз 
610 1 |a ТЭС 
610 1 |a малоотходные технологии 
610 1 |a воздушная среда 
675 |a 662.92  |z rus  |v 3 
702 1 |a Каширский  |b В. Г.  |c специалист в области энергетики  |c профессор Саратовского политехнического института, доктор технических наук  |f 1914-2008  |g Владимир Григорьевич  |2 stltpush  |3 (RuTPU)RU\TPU\pers\11376  |4 340  |9 2591 
712 0 2 |a Саратовский политехнический институт (СПИ)  |c (1960-1992)  |2 stltpush  |3 (RuTPU)RU\TPU\col\283 
801 0 |a RU  |b RuMRKP  |c 19950417  |g psbo 
801 1 |a RU  |b 63413507  |c 20140411 
801 2 |a RU  |b 63413507  |c 20191219  |g RCR 
942 |c BK